| 000 | 00747nam a2200193Ia 4500 | ||
|---|---|---|---|
| 003 | GCL | ||
| 008 | 140319s9999 xx 000 0 ara d | ||
| 040 |
_aGCL / _cGCL |
||
| 082 | 0 | 4 |
_a928.1 _bا ط |
| 100 | 1 | _aعبدالستار احمد فراج | |
| 245 | 1 | 0 |
_aطبقات الشعراء / _cعبدالستار احمد فراج |
| 700 | 1 | _aابن المعتز : ابوالعباس عبدالله بن محمد المعتز بن المتوكل بن المعتصم بن هارون الرشيد العباس | |
| 260 |
_a[S.N] : _bدار المعارف |
||
| 490 |
_aذخائر العرب _v0 |
||
| 650 | 0 | 4 | _aالادب العربى |
| 650 | 0 | 4 | _aالدولة العباسية الثانية |
| 650 | 0 | 4 | _aالمجموعات |
| 942 |
_2ddc _cBK |
||
| 999 |
_c58635 _d58635 |
||